000 00643nam a22002177a 4500
003 UA-OsUOA
001 89227
007 ta
008 20121102b un ||||| |||| 00| 0 ukr d
100 _aСушко Р.
090 _a330(477)
_bС91
942 _cSA
040 _aUA-OsUOA
_bukr
_cUA-OsUOA
_dUA-OsUOA
245 _aНова система гарантування вкладів фізичних осіб у комерційних банках
300 _aС.4
955 _a0
041 _aukr
080 _a330(477)
773 0 _w89225
_tУкраїна- business
_dК.
_d2012
_g46
650 7 _a330 Економіка взагалі
_2UDC
999 _c375604
_d375604